LEADER 00937nam a2200241 i 4500 001 000000224005 003 CaOOAMICUS 005 20131023000000.0 008 131023s2012 it u000 u ita u 013 $a202903 020 $a978-88-7402-794-1 040 $aSeMil$bita 100 1 $aMotta, Stefano.$0(OLS)http://semarc/name/77840 245 10$aVola alta, parola :$bpregare con i preti /$cStefano Motta. 260 $aCantalupa (TO) :$bEffatą,$c2012. 300 $a78 p. ;$c21 cm. 650 4$aPreghiera - Letteratura.$0(OLS)http://semarc/subject/14911 850 $aSeMil 852 $aSeMil$W1$xVenegono$y1$m3F IV 463$j174351$B174351$CSeMilBibl$Z2$F185920 $81 961 $aOmaggio: Altro 996 $6020$a978-88-7402-794-1$9(OLS)http://semarc/number/224325 996 $6245$aVola alta, parola :$bpregare con i preti$9(OLS)http://semarc/title/321133 996 $6260$aCantalupa (TO) :$bEffatą$9(OLS)http://semarc/publisher/32483 LEADER 01012nam a2200241 i 4500 001 000000115873 003 CaOOAMICUS 005 20030530000000.0 008 030530s1986 it u000 u ita u 013 $a88562 040 $aSeMil$bita 245 13$aIl Seminario di Parma :$bun secolo di vita /$ca cura di Francesco Barili ... [et al.]. 260 $a[S.l. :$bs.n.],$cstampa 1986$e(Parma :$fGrafiche Step,$gstampa 1986) 300 $a171 p. :$bill. ;$c23 cm. 500 $aContiene : Bibliografia. - Fondo Card. C.M. Martini. 650 4$aParma (Diocesi) - Seminario - Storia.$0(OLS)http://semarc/subject/21287 700 1 $aBarili, Francesco.$0(OLS)http://semarc/name/29325 850 $aSeMil 852 $aSeMil$W1$xVenegono$y1$m3G IV 65$j71367$B71367$CSeMilBibl$Z2$F87803 $81 941 1 $a4 961 $aOmaggio: Martini Card. Carlo Maria 996 $6245$aIl Seminario di Parma :$bun secolo di vita$9(OLS)http://semarc/title/169799 996 $6260$a[S.l. :$bs.n.]$9(OLS)http://semarc/publisher/29751